Hurts - songs by albums - Statistics

General Stats
  • This quiz has been taken 33 times
  • The average score is 25 of 34
Answer Stats
Hint Answer % Correct
Happiness (2010) Silver Lining
100%
Stay
100%
Exile (2013) Exile
95%
Surrender (2015) Surrender
95%
Wonderful Life
95%
Blood, Tears & Gold
91%
Devotion
91%
Some Kind of Heaven
91%
Mercy
86%
Miracle
86%
Somebody to Die For
86%
Lights
82%
Rolling Stone
82%
Sunday
82%
Wings
82%
Better Than Love
77%
Blind
77%
Illuminated
73%
Sandman
68%
Verona
68%
Why
64%
Evelyn
59%
Help
59%
Nothing Will Be Bigger Than Us
59%
The Road
59%
Unspoken
59%
Wish
59%
Kaleidoscope
55%
Only You
55%
The Rope
55%
Cupid
50%
The Water
50%
Slow
36%
The Crow
36%
No matching quizzes found
Score Distribution
Percent of People with Each Score
Percentile by Number Answered
Your Score History
You have not taken this quiz